000 02105nam a2200253Ia 4500
003 Ost
005 20260507075228.0
008 260507s9999||||xx |||||||||||||| ||und||
020 _a52518099479
040 _cfsecg
041 _aara
082 _a330
100 _aبن ربيع، حنيفة
_eمؤلف
245 0 _aالواضح في المحاسبة العامة :
_bدروس و تطبيقات محلولة /
_c حنيفة بن ربيع
250 _aطبعة 5
260 _aالجزائر:
_bدار هومه,
_c2008
300 _a466 صفحة؛
_bإيضاحات ؛
_c24 سم
504 _aمراجع ص.453
520 _aالميزانية ، الحساب ، تنظيم العمل المحاسبي ، دراسة الصنف الثالث المخزونات : عمليات الشراء و البيع ، مصاريف النقل ، التخفيضات ، الغلافات التجارية ، ، دراسة الصنف الثاني الاستثمارات : المحتوى أهم الحسابات ، حيازة الاستثمارات ، التنازل عن الاستثمارات ، الحقوق و الديون: دراسة بعض الحسابات ، الأوراق التجارية ، الرسم على القيمة المضافة ، الاموال الخصة : دراسة أهم الحسابات ، محاسبة العمليات بين الوحدات ، الانظمة المحاسبة الأخرى و تصحيح الاخطاء ، النظام المركزي ، الميزان المربع ، ميزان المراجعة و تصحيح الاخطاء ، محاسبة الاجور : العناصر المكونة للأجور و أعباء المستخدم الأجرية ، المعالجة المحاسبية للأجور ، أعمال نهاية الدورة : محتوى أعمال نهاية الدورة ، المصاربف الاعدادية ، الإهتلاكات ، المؤونات ، حسابات النتائج، القوائم الشاملة.
653 _aالمحاسبة العامة
653 _aالميزانية
653 _aتدقيق الحسابات
942 _cكتاب
999 _c43549
_d43549